<?xml version='1.0' encoding='UTF-8'?>
  <record xmlns="http://www.loc.gov/MARC21/slim">
    <leader>00000nem a2200000 i 4500</leader>
    <controlfield tag="001">ocn980375370</controlfield>
    <controlfield tag="003">OCoLC</controlfield>
    <controlfield tag="005">20250311152139.6</controlfield>
    <controlfield tag="008">020121s1832    be        u     0   fre d</controlfield>
    <datafield tag="040" ind1=" " ind2=" ">
      <subfield code="a">QGJ</subfield>
      <subfield code="b">dut</subfield>
      <subfield code="c">QGJ</subfield>
      <subfield code="d">OCLCL</subfield>
      <subfield code="d">OCLCQ</subfield>
    </datafield>
    <datafield tag="035" ind1=" " ind2=" ">
      <subfield code="a">(OCoLC)980375370</subfield>
    </datafield>
    <datafield tag="041" ind1=" " ind2=" ">
      <subfield code="a">dut</subfield>
    </datafield>
    <datafield tag="084" ind1=" " ind2=" ">
      <subfield code="a">74.19</subfield>
      <subfield code="2">bcl</subfield>
    </datafield>
    <datafield tag="100" ind1="1" ind2=" ">
      <subfield code="a">Gheldolf, Albert Eugène,</subfield>
      <subfield code="d">1806-1868.</subfield>
    </datafield>
    <datafield tag="245" ind1="1" ind2="0">
      <subfield code="a">Carte topographique des rives de l'Escaut Occidental et du Canal de Gand à Terneuzen, indiquant les poldres, digues, écluses, waterinques ainsi que les limites des Flandres et de la Zélande /</subfield>
      <subfield code="c">par A.E.G. [=Albert Eugène Gheldolf] ; P.J. Doms fecit.</subfield>
    </datafield>
    <datafield tag="255" ind1=" " ind2=" ">
      <subfield code="a">Schaal [ca. 1:90.000].</subfield>
    </datafield>
    <datafield tag="264" ind1=" " ind2="1">
      <subfield code="a">Bruxelles :</subfield>
      <subfield code="b">Ph. Vandermaelen,</subfield>
      <subfield code="c">1832.</subfield>
    </datafield>
    <datafield tag="300" ind1=" " ind2=" ">
      <subfield code="a">1 krt. in 32 segmenten, geplakt op linnen :</subfield>
      <subfield code="b">steendruk ;</subfield>
      <subfield code="c">64 x 94 cm</subfield>
    </datafield>
    <datafield tag="336" ind1=" " ind2=" ">
      <subfield code="a">cartografische afbeelding</subfield>
      <subfield code="b">cri</subfield>
      <subfield code="2">rdacontent/dut</subfield>
    </datafield>
    <datafield tag="337" ind1=" " ind2=" ">
      <subfield code="a">zonder medium</subfield>
      <subfield code="b">n</subfield>
      <subfield code="2">rdamedia/dut</subfield>
    </datafield>
    <datafield tag="338" ind1=" " ind2=" ">
      <subfield code="a">vel</subfield>
      <subfield code="b">nb</subfield>
      <subfield code="2">rdacarrier/dut</subfield>
    </datafield>
    <datafield tag="651" ind1=" " ind2="7">
      <subfield code="a">Kanaal van Gent naar Terneuzen.</subfield>
      <subfield code="0">(NL-LeOCL)216262135.</subfield>
      <subfield code="2">gtt</subfield>
    </datafield>
    <datafield tag="651" ind1=" " ind2="7">
      <subfield code="a">Zeeland (provincie)</subfield>
      <subfield code="0">(NL-LeOCL)090812301.</subfield>
      <subfield code="2">gtt</subfield>
    </datafield>
    <datafield tag="651" ind1=" " ind2="7">
      <subfield code="a">Vlaanderen (België)</subfield>
      <subfield code="0">(NL-LeOCL)078946190.</subfield>
      <subfield code="2">gtt</subfield>
    </datafield>
    <datafield tag="651" ind1=" " ind2="7">
      <subfield code="a">Oosterschelde.</subfield>
      <subfield code="0">(NL-LeOCL)07861399X.</subfield>
      <subfield code="2">gtt</subfield>
    </datafield>
    <datafield tag="655" ind1=" " ind2="7">
      <subfield code="a">Kaarten (vorm)</subfield>
      <subfield code="0">(NL-LeOCL)088143554.</subfield>
      <subfield code="2">gtt</subfield>
    </datafield>
    <datafield tag="700" ind1="1" ind2=" ">
      <subfield code="a">Doms, P. J.</subfield>
    </datafield>
    <datafield tag="758" ind1=" " ind2=" ">
      <subfield code="a">Carte topographique des rives de l'Escaut Occidental et du Canal de Gand à Terneuzen, indiquant les poldres, digues, écluses, waterinques ainsi que les limites des Flandres et de la Zélande (CartographicMaterial)</subfield>
      <subfield code="1">https://id.oclc.org/worldcat/entity/E39PCXyMyFr7jpYwjB6mVbRWj3</subfield>
      <subfield code="4">https://id.oclc.org/worldcat/ontology/hasWork</subfield>
    </datafield>
    <datafield tag="936" ind1=" " ind2=" ">
      <subfield code="a">BATCHLOAD</subfield>
    </datafield>
  </record>